000 00354nam a2200121Ia 4500
008 220204s9999 xx 000 0 und d
082 _a575:631.523
_bQUE
100 _aQuerol, Daniel
245 0 _aGenetic resources:Technical and socio economic approaches
260 _aMalaysia
_bThird World Network
_c1992
650 _aGenetic conservation
942 _cBK
999 _c40588
_d40588